00412nam a2200157Ia 45000010006000000050017000060080041000230410008000640820020000721000034000922450077001262600009002033000028002126500006002406540008002462320020260414150921.0260414t2010||||xx |||||||||||||| ||spa|| aESP a625.8bM84 T. 1 aMontejo Fonseca, AlfonsoeAUT 0aIngeniería de pavimentos :bfundamentos, estudios básicos y diseño c2010 a612 páginas :c24 cm. a0 aCIC